Data Mining and Predictive Analytics (Record no. 7043)

MARC details
000 -LEADER
fixed length control field 00291nam a2200121Ia 4500
008 - FIXED-LENGTH DATA ELEMENTS--GENERAL INFORMATION
fixed length control field 191201s2019 xx 000 0 und d
100 ## - MAIN ENTRY--PERSONAL NAME
Personal name LORSE, Daniel T.
245 #0 - TITLE STATEMENT
Title Data Mining and Predictive Analytics
260 ## - PUBLICATION, DISTRIBUTION, ETC. (IMPRINT)
Name of publisher, distributor, etc Wiley
Date of publication, distribution, etc 2019
300 ## - PHYSICAL DESCRIPTION
Extent 794
650 ## - SUBJECT ADDED ENTRY--TOPICAL TERM
Topical term or geographic name as entry element B.Tech(IT)
942 ## - ADDED ENTRY ELEMENTS (KOHA)
Source of classification or shelving scheme Dewey Decimal Classification
Koha item type Text Books
Holdings
Withdrawn status Lost status Source of classification or shelving scheme Damaged status Not for loan Collection code Home library Current library Date acquired Source of acquisition Cost, normal purchase price Bill Number Total Checkouts Full call number Acc. no. / Barcode Date last seen Date last borrowed Actual Cost, discounted price Bill Date Koha item type
    Dewey Decimal Classification     B.Tech(IT) PIET C-LIBRARY PIET C-LIBRARY 21/07/2020 Kirti Prakashan 799.00 IN 3974 2 006.3 LAD 31238 17/01/2024 27/10/2023 543.32 24/05/2019 Text Books
    Dewey Decimal Classification     B.Tech(IT) PIET C-LIBRARY PIET C-LIBRARY 21/07/2020 Kirti Prakashan 799.00 IN 3974   006.3 LOD 31239 04/12/2019   543.32 24/05/2019 Text Books

Design & Developed by: PIET Central Library
R70 Miles Stone Pattikalyana Samalkha Panipat 132102
mail ID :- [email protected], Phone No:- 0180-2569700 Ex.216